[Event "Voronezh Rating op 03-A"]
[Site "Voronezh"]
[Date "2014.03.07"]
[Round "7"]
[White "Tkachenko, Victor"]
[Black "Rodionov, Roman"]
[Result "1-0"]
[WhiteElo "2190"]
[BlackElo "1924"]
[PlyCount "65"]
[EventDate "2014.03.01"]
[EventType "swiss"]
[EventRounds "9"]
[EventCountry "RUS"]
[SourceTitle "EXT 2015"]
[Source "ChessBase"]
[SourceDate "2014.11.20"]
[SourceVersion "1"]
[SourceVersionDate "2014.11.20"]
[SourceQuality "1"]

1. e4 c6 2. d4 d5 3. e5 Bf5 4. Bd3 Bxd3 5. Qxd3 e6 6. Nf3 Nd7 7. 0-0 a6 8. b3 c5 9. Ba3 Ne7 10. Re1 Nc6 11. c3 Rc8 12. Nbd2 c4 13. bxc4 Bxa3 14. cxd5 exd5 15. c4 Qa5 16. cxd5 Nb4 17. Qb3 Nxd5 18. e6 fxe6 19. Rxe6+ Be7 20. Nc4 Rxc4 21. Qxc4 N7b6 22. Qb3 Kd7 23. Rae1 Qb4 24. Rxe7+ Qxe7 25. Rxe7+ Kxe7 26. Qa3+ Ke6 27. h4 Rc8 28. Ng5+ Kd7 29. Nxh7 Rc3 30. Qf8 Kc6 31. Qxg7 Nc4 32. h5 Nd6 33. Nf8 1-0

[Event "Voronezh Rating op 03-A"]
[Site "Voronezh"]
[Date "2014.03.06"]
[Round "6"]
[White "Volodin, Konstantin"]
[Black "Tkachenko, Victor"]
[Result "0-1"]
[WhiteElo "1906"]
[BlackElo "2190"]
[PlyCount "78"]
[EventDate "2014.03.01"]
[EventType "swiss"]
[EventRounds "9"]
[EventCountry "RUS"]
[SourceTitle "EXT 2015"]
[Source "ChessBase"]
[SourceDate "2014.11.20"]
[SourceVersion "1"]
[SourceVersionDate "2014.11.20"]
[SourceQuality "1"]

1. c4 e5 2. g3 d6 3. Bg2 Nc6 4. Nc3 Be6 5. d3 Qd7 6. Nd5 Be7 7. Nf3 Bd8 8. Bg5 Nce7 9. Nc3 Bh3 10. Bxh3 Qxh3 11. Qb3 Rb8 12. Qa4+ Nc6 13. Bxd8 Rxd8 14. d4 exd4 15. Nd5 Qd7 16. 0-0-0 Nge7 17. Nxe7 Qxe7 18. Nxd4 0-0 19. Nxc6 bxc6 20. Rhe1 Qg5+ 21. e3 Qc5 22. Re2 Rb8 23. Rd4 Rb4 24. Qc2 Rfb8 25. Rh4 h6 26. Qc3 Qf5 27. e4 Qe6 28. Rc2 a5 29. f3 a4 30. Rg4 f6 31. h4 h5 32. Rf4 Qh3 33. Qe1 Qe6 34. Qc3 Qe5 35. Qxe5 dxe5 36. Rf5 Rf8 37. Rxh5 g6 38. Rh6 Kg7 39. Rxg6+ Kxg6 0-1

[Event "Voronezh Rating op 03-A"]
[Site "Voronezh"]
[Date "2014.03.04"]
[Round "4"]
[White "Kornev, Sergey"]
[Black "Tkachenko, Victor"]
[Result "0-1"]
[WhiteElo "1613"]
[BlackElo "2190"]
[PlyCount "36"]
[EventDate "2014.03.01"]
[EventType "swiss"]
[EventRounds "9"]
[EventCountry "RUS"]
[SourceTitle "EXT 2015"]
[Source "ChessBase"]
[SourceDate "2014.11.20"]
[SourceVersion "1"]
[SourceVersionDate "2014.11.20"]
[SourceQuality "1"]

1. d4 Nf6 2. Nf3 c5 3. c3 e6 4. Bf4 b6 5. e3 Be7 6. Bd3 Bb7 7. Nbd2 0-0 8. h3 d5 9. Ne5 Nbd7 10. g4 Rc8 11. g5 Nxe5 12. Bxe5 Ne4 13. Qh5 Bxg5 14. Bxg7 Kxg7 15. Rg1 Qf6 16. f3 Nxd2 17. Kxd2 Qh6 18. Qxh6+ Kxh6 0-1

[Event "Voronezh Autumn IRT"]
[Site "Voronezh"]
[Date "2012.10.05"]
[Round "4.3"]
[White "Tkachenko, Victor"]
[Black "Geranichev, Mikhail"]
[Result "1/2-1/2"]
[WhiteElo "2190"]
[BlackElo "2037"]
[PlyCount "85"]
[EventDate "2012.10.02"]
[EventType "swiss"]
[EventRounds "9"]
[EventCountry "RUS"]
[SourceTitle "EXT 2022"]
[Source "ChessBase"]
[SourceDate "2021.10.06"]
[SourceVersion "1"]
[SourceVersionDate "2021.10.06"]
[SourceQuality "1"]

1. e4 e6 2. d4 d5 3. e5 c5 4. c3 Nc6 5. Nf3 Qb6 6. Bd3 Bd7 7. 0-0 a5 8. Re1 cxd4 9. cxd4 Nb4 10. Nc3 Nxd3 11. Qxd3 Ne7 12. a3 a4 13. Rb1 Nc6 14. Be3 Na5 15. Nd2 Nb3 16. f4 Nxd2 17. Bxd2 Qb3 18. f5 Qc4 19. Qxc4 dxc4 20. fxe6 fxe6 21. d5 Bc5+ 22. Be3 Be7 23. Rbd1 0-0 24. dxe6 Bxe6 25. Nd5 Bd8 26. Nf4 Bf5 27. Bc5 Re8 28. e6 g5 29. Rd5 gxf4 30. Rxf5 Ra5 31. e7 Bxe7 32. Kf1 Rf8 33. Rxf8+ Bxf8 34. Bxf8 Kxf8 35. Re4 Rc5 36. Rxf4+ Ke7 37. Ke2 b5 38. Kd2 Rd5+ 39. Kc2 h5 40. g4 hxg4 41. Rxg4 Rf5 42. Rg2 Kd6 43. h4 1/2-1/2

[Event "Voronezh op-B 15th"]
[Site "Voronezh"]
[Date "2011.06.17"]
[Round "6"]
[White "Tkachenko, Victor"]
[Black "Chigaeva, Anastasia"]
[Result "0-1"]
[WhiteElo "2239"]
[BlackElo "1920"]
[PlyCount "65"]
[EventDate "2011.06.12"]
[EventType "swiss"]
[EventRounds "9"]
[EventCountry "RUS"]
[SourceTitle "CBM 143 Extra"]
[Source "ChessBase"]
[SourceDate "2011.08.29"]
[SourceVersion "1"]
[SourceVersionDate "2011.08.29"]
[SourceQuality "1"]

1. e4 c5 2. Nf3 d6 3. c3 Nf6 4. Bc4 e6 5. Qe2 a6 6. a4 Be7 7. d4 cxd4 8. Nxd4 0-0 9. 0-0 Nc6 10. Nxc6 bxc6 11. Bd3 e5 12. a5 Qc7 13. Be3 d5 14. Nd2 dxe4 15. Nxe4 Nd5 16. Nc5 Nxe3 17. Qxe3 f5 18. Rfe1 Bd6 19. b4 e4 20. Bc4+ Kh8 21. h3 Bf4 22. Qe2 Re8 23. Bxa6 e3 24. f3 Bg3 25. Red1 Bxa6 26. Nxa6 Qe5 27. Nc5 Qxc3 28. Nd3 Rad8 29. Rac1 Rxd3 30. Qxd3 Qxd3 31. Rxd3 e2 32. Rdd1 exd1Q+ 33. Rxd1 0-1

[Event "Voronezh op-B 13th"]
[Site "Voronezh"]
[Date "2009.06.18"]
[Round "7"]
[White "Tkachenko, Victor"]
[Black "Zhurikhin, Alexander"]
[Result "1-0"]
[WhiteElo "2249"]
[BlackElo "2134"]
[PlyCount "49"]
[EventDate "2009.06.12"]
[EventType "swiss"]
[EventRounds "9"]
[EventCountry "RUS"]
[SourceTitle "CBM 130 Extra"]
[Source "ChessBase"]
[SourceDate "2009.07.02"]
[SourceVersion "2"]
[SourceVersionDate "2009.07.15"]
[SourceQuality "1"]

1. e4 e5 2. Nf3 Nc6 3. c3 d5 4. Bb5 dxe4 5. Nxe5 Qd5 6. Qa4 Nge7 7. f4 exf3 8. Nxf3 Bd7 9. 0-0 0-0-0 10. d4 a6 11. Bc4 Qh5 12. Qd1 f6 13. Nbd2 Nf5 14. Ne4 Nh4 15. Nxh4 Qxh4 16. Rf4 Qh6 17. Rxf6 Qh4 18. Rf4 Qe7 19. Nc5 Ne5 20. Re4 Bf5 21. Be6+ Bxe6 22. Rxe5 Qd6 23. Rxe6 Qxc5 24. Qg4 Qb5 25. Bg5 1-0

[Event "Voronezh op-B 13th"]
[Site "Voronezh"]
[Date "2009.06.15"]
[Round "4"]
[White "Tkachenko, Victor"]
[Black "Matveenko, Yury"]
[Result "0-1"]
[WhiteElo "2249"]
[BlackElo "2127"]
[PlyCount "116"]
[EventDate "2009.06.12"]
[EventType "swiss"]
[EventRounds "9"]
[EventCountry "RUS"]
[SourceTitle "CBM 130 Extra"]
[Source "ChessBase"]
[SourceDate "2009.07.02"]
[SourceVersion "2"]
[SourceVersionDate "2009.07.15"]
[SourceQuality "1"]

1. e4 e5 2. Nf3 Nf6 3. Bc4 Nxe4 4. Nc3 Nf6 5. Nxe5 d5 6. Bb3 c6 7. d4 Be7 8. 0-0 0-0 9. Qd3 Na6 10. Bg5 Nc7 11. Bxf6 Bxf6 12. f4 g6 13. Nd1 Bf5 14. Qd2 Bg7 15. Ne3 Be4 16. c3 Nb5 17. Bc2 Nd6 18. Bxe4 Nxe4 19. Qd3 f6 20. N5g4 Qb6 21. b3 Rae8 22. f5 Rf7 23. g3 Rfe7 24. Ng2 Qa6 25. c4 g5 26. N4e3 Nd6 27. Qc3 Ne4 28. Qb4 dxc4 29. bxc4 Bf8 30. Rfd1 c5 31. Qb2 cxd4 32. Qxd4 Re5 33. Qd3 Bc5 34. Kf1 Bxe3 35. Nxe3 Nxg3+ 36. hxg3 Rxe3 37. Qd5+ Kg7 38. Rab1 R8e7 39. Rb3 R3e5 40. Qd3 Qc6 41. Qf3 Qxc4+ 42. Rbd3 Re3 43. Qd5 Qxd5 44. Rxd5 Rxg3 45. Kf2 Rge3 46. Rd7 h5 47. a4 R3e5 48. Kg3 Kf7 49. R1d5 Rxd5 50. Rxd5 h4+ 51. Kg4 Re4+ 52. Kh5 h3 53. Rd7+ Ke8 54. Rd1 g4 55. Kg6 Ke7 56. Rb1 b6 57. a5 h2 58. axb6 axb6 0-1

[Event "Voronezh op-B 13th"]
[Site "Voronezh"]
[Date "2009.06.12"]
[Round "1"]
[White "Vechkanov, Valery"]
[Black "Tkachenko, Victor"]
[Result "0-1"]
[WhiteElo "1985"]
[BlackElo "2249"]
[PlyCount "58"]
[EventDate "2009.06.12"]
[EventType "swiss"]
[EventRounds "9"]
[EventCountry "RUS"]
[SourceTitle "CBM 130 Extra"]
[Source "ChessBase"]
[SourceDate "2009.07.02"]
[SourceVersion "2"]
[SourceVersionDate "2009.07.15"]
[SourceQuality "1"]

1. d4 Nf6 2. c4 e5 3. dxe5 Ng4 4. e4 Nxe5 5. f4 Nec6 6. Be3 Bb4+ 7. Nd2 Qe7 8. Bd3 Na6 9. a3 Nc5 10. Bxc5 Bxc5 11. Ngf3 a5 12. Qe2 0-0 13. Rb1 d6 14. h3 Bd7 15. Nf1 Qf6 16. g3 Rae8 17. Ne3 Qg6 18. Kf2 f5 19. Nh4 Qh6 20. Kg2 fxe4 21. Bc2 Nd4 22. Qd1 g5 23. fxg5 Qxg5 24. Nf1 e3 25. Bxh7+ Kxh7 26. Qd3+ Kg7 27. Re1 Bc6+ 28. Kh2 Rf2+ 29. Kg1 Qxh4 0-1

[Event "Dimitrovgrad-ch"]
[Site "Dimitrovgrad"]
[Date "2009.??.??"]
[Round "4"]
[White "Tkachenko, Victor"]
[Black "Ponomariov, Timur"]
[Result "0-1"]
[WhiteElo "2245"]
[BlackElo "2290"]
[PlyCount "66"]
[EventDate "2009.08.??"]
[EventType "swiss"]
[EventRounds "9"]
[EventCountry "RUS"]
[SourceTitle "EXT 2012"]
[Source "ChessBase"]
[SourceDate "2011.11.24"]
[SourceVersion "1"]
[SourceVersionDate "2011.11.24"]
[SourceQuality "1"]

1. e4 e5 2. Nf3 Nc6 3. d4 exd4 4. Bc4 Nf6 5. 0-0 Nxe4 6. Re1 d5 7. Bxd5 Qxd5 8. Nc3 Qh5 9. Nxe4 Be6 10. Bg5 Bd6 11. Nxd6+ cxd6 12. Bf4 Qd5 13. c3 0-0 14. Nxd4 Nxd4 15. Qxd4 Qxd4 16. cxd4 d5 17. Rac1 Rfc8 18. Bc7 Kf8 19. f4 Bf5 20. Rc5 Be4 21. g4 b6 22. Rc6 Ke7 23. f5 Kd7 24. Rec1 f6 25. a4 Rab8 26. Rd6+ Ke7 27. Re1 Rxc7 28. Rxd5 Rc1 29. Rxc1 Bxd5 30. Rc7+ Kf8 31. Rxa7 Ra8 32. Rd7 Bf3 33. h3 Rxa4 0-1

[Event "Voronezh Region-ch"]
[Site "Voronezh"]
[Date "2008.12.08"]
[Round "6"]
[White "Tkachenko, Victor"]
[Black "Bykov, Alexey1111"]
[Result "1-0"]
[WhiteElo "2217"]
[BlackElo "2051"]
[PlyCount "91"]
[EventDate "2008.12.03"]
[EventType "swiss"]
[EventRounds "9"]
[EventCountry "RUS"]
[SourceTitle "EXT 2010"]
[Source "ChessBase"]
[SourceDate "2010.11.25"]
[SourceVersion "1"]
[SourceVersionDate "2010.11.25"]
[SourceQuality "1"]

1. e4 e5 2. Nf3 Nc6 3. d4 exd4 4. Bc4 Bc5 5. 0-0 Nf6 6. e5 d5 7. exf6 dxc4 8. fxg7 Rg8 9. Bg5 Qd5 10. Nc3 Qf5 11. Ne4 Be7 12. Bxe7 Kxe7 13. Nxd4 Nxd4 14. Qxd4 Be6 15. Rad1 Rad8 16. Qxd8+ Rxd8 17. Rxd8 f6 18. Rd4 Kf7 19. Re1 Kxg7 20. Ng3 Qxc2 21. Rxe6 Qc1+ 22. Nf1 b5 23. Re2 a5 24. Rd7+ Kg6 25. Rxc7 b4 26. g3 h5 27. Kg2 h4 28. Ne3 Qb1 29. Rxc4 hxg3 30. hxg3 Qxa2 31. Rf4 Qb3 32. Ng4 Qd5+ 33. f3 f5 34. Ne3 Qb5 35. Rf2 a4 36. Nxf5 a3 37. bxa3 bxa3 38. Nh4+ Kg7 39. Re4 Kf6 40. Ree2 Qb4 41. Ra2 Qc3 42. Rfc2 Qb3 43. Rf2 Qc3 44. f4 Qc6+ 45. Rf3 Kg7 46. Raxa3 1-0

[Event "Voronezh Region-ch"]
[Site "Voronezh"]
[Date "2008.12.06"]
[Round "4"]
[White "Lukjanenko, Alexander"]
[Black "Tkachenko, Victor"]
[Result "1-0"]
[WhiteElo "2378"]
[BlackElo "2217"]
[PlyCount "85"]
[EventDate "2008.12.03"]
[EventType "swiss"]
[EventRounds "9"]
[EventCountry "RUS"]
[SourceTitle "EXT 2010"]
[Source "ChessBase"]
[SourceDate "2010.11.25"]
[SourceVersion "1"]
[SourceVersionDate "2010.11.25"]
[SourceQuality "1"]

1. e4 e5 2. Nf3 Nc6 3. Bb5 Nd4 4. Nxd4 exd4 5. c3 Qg5 6. Bf1 Qg6 7. d3 Bc5 8. Nd2 Qf6 9. c4 Ne7 10. g3 d6 11. Bg2 h5 12. Nf3 Bb4+ 13. Kf1 Nc6 14. a3 Bc5 15. b4 Bb6 16. b5 Ne5 17. Nxe5 dxe5 18. h4 Bc5 19. a4 Qd6 20. Bd2 Bg4 21. Bf3 Qg6 22. Kg2 Be7 23. Qe2 Bd7 24. a5 a6 25. Rab1 axb5 26. cxb5 c6 27. bxc6 Bxc6 28. Rhc1 Bd8 29. Rc5 f6 30. Qd1 Qf7 31. Qc1 Qd7 32. Bd1 Be7 33. Rc4 f5 34. Rxb7 Qxb7 35. Rxc6 fxe4 36. dxe4 0-0 37. Rc7 Qxe4+ 38. f3 Qd3 39. Rxe7 Rab8 40. Rxe5 Rfc8 41. Be2 Qb3 42. Re8+ Rxe8 43. Bc4+ 1-0

[Event "Voronezh CC-ch"]
[Site "Voronezh"]
[Date "2008.10.17"]
[Round "8"]
[White "Tkachenko, Victor"]
[Black "Kovalenko, Sergey"]
[Result "1-0"]
[WhiteElo "2231"]
[BlackElo "2305"]
[PlyCount "81"]
[EventDate "2008.10.10"]
[EventType "swiss"]
[EventRounds "9"]
[EventCountry "RUS"]
[SourceTitle "EXT 2010"]
[Source "ChessBase"]
[SourceDate "2010.11.25"]
[SourceVersion "1"]
[SourceVersionDate "2010.11.25"]
[SourceQuality "1"]

1. e4 e6 2. d4 d5 3. e5 c5 4. c3 Nc6 5. Nf3 Qb6 6. Bd3 Bd7 7. dxc5 Bxc5 8. 0-0 a5 9. Nbd2 f6 10. Qe2 fxe5 11. Nxe5 Nxe5 12. Qxe5 Nf6 13. Nf3 0-0 14. Qe2 Rac8 15. Ne5 Be8 16. Bg5 Bh5 17. Qc2 Qc7 18. Rae1 Bd6 19. f4 b5 20. Qb3 Qb6+ 21. Kh1 Bxe5 22. fxe5 Ng4 23. Bh4 b4 24. h3 Nf2+ 25. Bxf2 Rxf2 26. Rxf2 Qxf2 27. Rf1 Qd2 28. Ba6 Rb8 29. cxb4 Qxb4 30. Qe3 Qxb2 31. Bd3 Rc8 32. Qg5 Be2 33. Qe7 Bxf1 34. Qxe6+ Kf8 35. Qxc8+ Ke7 36. Qc7+ Ke8 37. Bxf1 Qa1 38. Qc6+ Ke7 39. Qd6+ Ke8 40. Qe6+ Kd8 41. Qxd5+ 1-0

[Event "Voronezh CC-ch"]
[Site "Voronezh"]
[Date "2008.10.14"]
[Round "5"]
[White "Kostin, Alexey"]
[Black "Tkachenko, Victor"]
[Result "1-0"]
[WhiteElo "2380"]
[BlackElo "2231"]
[PlyCount "85"]
[EventDate "2008.10.10"]
[EventType "swiss"]
[EventRounds "9"]
[EventCountry "RUS"]
[SourceTitle "EXT 2010"]
[Source "ChessBase"]
[SourceDate "2010.11.25"]
[SourceVersion "1"]
[SourceVersionDate "2010.11.25"]
[SourceQuality "1"]

1. e4 e5 2. f4 Bc5 3. Nf3 d6 4. c3 Bb6 5. d4 exd4 6. cxd4 d5 7. e5 Ne7 8. Be3 Bg4 9. Be2 Nf5 10. Bf2 Nc6 11. Nbd2 Qe7 12. a3 h5 13. Nb3 0-0-0 14. Rc1 Bxf3 15. Bxf3 g5 16. Bxh5 gxf4 17. Bg4 Qg5 18. h4 Kb8 19. hxg5 Rxh1+ 20. Ke2 Rxd1 21. Rxd1 Nfe7 22. Rh1 a5 23. Kd3 a4 24. Nd2 Nxe5+ 25. dxe5 Bxf2 26. Rh7 Ng6 27. Nf3 Re8 28. Rxf7 Rxe5 29. Rf8+ Nxf8 30. Nxe5 Bh4 31. Nf3 Bf2 32. Bf5 c6 33. g6 Nxg6 34. Bxg6 Kc7 35. Nd4 Kd6 36. Ne2 Ke5 37. Nc3 Bd4 38. Nxa4 c5 39. Nc3 c4+ 40. Kc2 Be3 41. Bf7 d4 42. Nb5 d3+ 43. Kd1 1-0

[Event "Voronezh CC-ch"]
[Site "Voronezh"]
[Date "2008.10.13"]
[Round "4"]
[White "Tkachenko, Victor"]
[Black "Lukjanenko, Alexander"]
[Result "0-1"]
[WhiteElo "2231"]
[BlackElo "2378"]
[PlyCount "58"]
[EventDate "2008.10.10"]
[EventType "swiss"]
[EventRounds "9"]
[EventCountry "RUS"]
[SourceTitle "EXT 2010"]
[Source "ChessBase"]
[SourceDate "2010.11.25"]
[SourceVersion "1"]
[SourceVersionDate "2010.11.25"]
[SourceQuality "1"]

1. e4 c5 2. Nf3 d6 3. c3 Nf6 4. Bc4 Nc6 5. 0-0 Nxe4 6. d4 cxd4 7. Re1 d5 8. Bb3 Nc5 9. Bf4 Bg4 10. h3 Bxf3 11. Qxf3 Nxb3 12. axb3 g6 13. Na3 Bg7 14. Nb5 0-0 15. cxd4 a6 16. Nc3 Nxd4 17. Qd3 Nxb3 18. Rad1 e6 19. Ne4 Qb6 20. Ng5 Nc5 21. Qe3 Nd7 22. Qg3 Rac8 23. Bd6 Rfe8 24. Qf4 Bf6 25. Ba3 Rc4 26. Ne4 Be5 27. Qh6 Bg7 28. Qf4 Rd4 29. Qg5 dxe4 0-1

[Event "Voronezh Spring op"]
[Site "Voronezh"]
[Date "2008.04.15"]
[Round "1"]
[White "Tkachenko, Victor"]
[Black "Polyansky, Viktor"]
[Result "1-0"]
[WhiteElo "2223"]
[BlackElo "2076"]
[PlyCount "49"]
[EventDate "2008.04.15"]
[EventType "swiss"]
[EventRounds "7"]
[EventCountry "RUS"]
[SourceTitle "EXT 2022"]
[Source "ChessBase"]
[SourceDate "2021.10.06"]
[SourceVersion "1"]
[SourceVersionDate "2021.10.06"]
[SourceQuality "1"]

1. e4 c5 2. Nf3 Nc6 3. c3 d5 4. exd5 Qxd5 5. d4 e5 6. dxe5 Qxd1+ 7. Kxd1 Bg4 8. Bf4 0-0-0+ 9. Nbd2 f6 10. Be2 Bxf3 11. Bxf3 Nxe5 12. Bxe5 fxe5 13. Re1 Bd6 14. Kc2 Nf6 15. Nc4 Rhe8 16. Rad1 Kc7 17. Bxb7 e4 18. Nxd6 Rxd6 19. Rxd6 Kxd6 20. f3 exf3 21. Rxe8 f2 22. Rd8+ Kc7 23. Rd1 Kxb7 24. Rf1 Ng4 25. Kd2 1-0

[Event "Voronezh Winter op 2nd"]
[Site "Voronezh"]
[Date "2007.12.13"]
[Round "9"]
[White "Tkachenko, Victor"]
[Black "Sokolovsky, Victor"]
[Result "1-0"]
[WhiteElo "2244"]
[BlackElo "2096"]
[PlyCount "67"]
[EventDate "2007.12.04"]
[EventType "tourn"]
[EventRounds "9"]
[EventCountry "RUS"]
[SourceTitle "EXT 2022"]
[Source "ChessBase"]
[SourceDate "2021.10.06"]
[SourceVersion "1"]
[SourceVersionDate "2021.10.06"]
[SourceQuality "1"]

1. e4 e5 2. Nf3 Nc6 3. d4 exd4 4. Nxd4 Nf6 5. Nc3 Bc5 6. Be3 Bxd4 7. Bxd4 0-0 8. Be2 Re8 9. Qd3 d5 10. Bxf6 Qxf6 11. Nxd5 Qxb2 12. 0-0 Be6 13. Nxc7 Rad8 14. Qg3 Nd4 15. Bd3 Re7 16. Rab1 Qxa2 17. Rxb7 Bc4 18. Qd6 Ree8 19. Nxe8 Rxd6 20. Nxd6 h5 21. Bxc4 Qxc2 22. Rxa7 h4 23. h3 Qd2 24. Nxf7 Qc3 25. Ng5+ Kf8 26. Rb1 Nc6 27. Ne6+ Kg8 28. Rxg7+ Kh8 29. Rbb7 Qa1+ 30. Bf1 Nd8 31. Rh7+ Kg8 32. Rbg7+ Qxg7 33. Rxg7+ Kh8 34. Re7 1-0

[Event "Voronezh Winter op 2nd"]
[Site "Voronezh"]
[Date "2007.12.06"]
[Round "3"]
[White "Tkachenko, Victor"]
[Black "Pirozhkov, Yury"]
[Result "1-0"]
[WhiteElo "2244"]
[BlackElo "1784"]
[PlyCount "25"]
[EventDate "2007.12.04"]
[EventType "tourn"]
[EventRounds "9"]
[EventCountry "RUS"]
[SourceTitle "EXT 2022"]
[Source "ChessBase"]
[SourceDate "2021.10.06"]
[SourceVersion "1"]
[SourceVersionDate "2021.10.06"]
[SourceQuality "1"]

1. e4 e5 2. Nf3 Nc6 3. d4 d6 4. dxe5 Bg4 5. exd6 Bxd6 6. Be2 Bxf3 7. Bxf3 Ne5 8. Be3 Nf6 9. Nc3 0-0 10. 0-0 h6 11. h3 Qe7 12. Qe2 Rfd8 13. Rfd1 1-0

[Event "Voronezh Winter op 2nd"]
[Site "Voronezh"]
[Date "2007.12.04"]
[Round "1"]
[White "Tkachenko, Victor"]
[Black "Golovchanov, Artiom"]
[Result "1/2-1/2"]
[WhiteElo "2244"]
[BlackElo "2055"]
[PlyCount "29"]
[EventDate "2007.12.04"]
[EventType "tourn"]
[EventRounds "9"]
[EventCountry "RUS"]
[SourceTitle "EXT 2022"]
[Source "ChessBase"]
[SourceDate "2021.10.06"]
[SourceVersion "1"]
[SourceVersionDate "2021.10.06"]
[SourceQuality "1"]

1. d4 d5 2. c4 e6 3. Nc3 Nf6 4. Nf3 Nbd7 5. cxd5 exd5 6. Bg5 Be7 7. e3 c6 8. Bd3 0-0 9. Qc2 Re8 10. 0-0 Nf8 11. Rab1 a5 12. a3 Ne4 13. Bxe7 Qxe7 14. b4 axb4 15. axb4 1/2-1/2

[Event "Voronezh op-B 11th"]
[Site "Voronezh"]
[Date "2007.06.20"]
[Round "9"]
[White "Demikhov, Vladislav"]
[Black "Tkachenko, Victor"]
[Result "0-1"]
[WhiteElo "2148"]
[BlackElo "2218"]
[PlyCount "74"]
[EventDate "2007.06.12"]
[EventType "swiss"]
[EventRounds "9"]
[EventCountry "RUS"]
[SourceTitle "EXT 2010"]
[Source "ChessBase"]
[SourceDate "2010.11.25"]
[SourceVersion "1"]
[SourceVersionDate "2010.11.25"]
[SourceQuality "1"]

1. Nf3 Nf6 2. g3 d6 3. Bg2 e5 4. d3 Be7 5. c4 Nc6 6. Nc3 Bg4 7. h3 Bf5 8. e4 Be6 9. 0-0 h6 10. Be3 Nh7 11. Nd5 Ng5 12. h4 Nxf3+ 13. Bxf3 Qd7 14. b4 g5 15. b5 Nd4 16. Bxd4 exd4 17. h5 g4 18. Bg2 Rg8 19. Nf4 c5 20. bxc6 bxc6 21. Rb1 Bd8 22. Qa4 Rc8 23. Rb2 Rg5 24. Rfb1 Bb6 25. Qd1 f6 26. Bf1 Bf7 27. Be2 Ke7 28. c5 dxc5 29. a4 c4 30. dxc4 Rcg8 31. Qc2 Bxh5 32. Nxh5 Rxh5 33. e5 f5 34. c5 Qd5 35. f3 Qxe5 36. Bd3 gxf3 37. cxb6 Qe3+ 0-1

[Event "Voronezh op-B 11th"]
[Site "Voronezh"]
[Date "2007.06.19"]
[Round "8"]
[White "Tkachenko, Victor"]
[Black "Gorshkov, Yuri"]
[Result "0-1"]
[WhiteElo "2218"]
[BlackElo "2393"]
[PlyCount "68"]
[EventDate "2007.06.12"]
[EventType "swiss"]
[EventRounds "9"]
[EventCountry "RUS"]
[SourceTitle "EXT 2010"]
[Source "ChessBase"]
[SourceDate "2010.11.25"]
[SourceVersion "1"]
[SourceVersionDate "2010.11.25"]
[SourceQuality "1"]

1. e4 d5 2. exd5 Qxd5 3. Nc3 Qd6 4. d4 Nf6 5. Nf3 a6 6. Be2 Bg4 7. Ne5 Bxe2 8. Qxe2 Qxd4 9. 0-0 Nbd7 10. Nxd7 Qxd7 11. Bf4 e6 12. Qf3 0-0-0 13. Rfd1 Bd6 14. Bxd6 cxd6 15. b4 Qc6 16. Qg3 h5 17. b5 axb5 18. Rab1 h4 19. Qh3 Rh5 20. Rb3 Kd7 21. Rdb1 Rc5 22. Nxb5 Rxc2 23. Nc3 Rc8 24. Rxb7+ Rc7 25. Rxc7+ Qxc7 26. Nd1 Rxa2 27. Qxh4 Qc2 28. Qb4 Ke7 29. Qb7+ Nd7 30. h3 g6 31. Kh2 Qe2 32. Rc1 Qa6 33. Qf3 Qa8 34. Qg3 Qa5 0-1